000 00538nam a22001937a 4500
003 KOHA_MİRAKIL
005 20251125064912.0
008 251125b tu ||||| |||| 00| 0 tur d
020 _a9786051713267
040 _aTR-AnABB
_btur
_cTR-AnABB
041 _atur
082 _a823.8
_bDIC 2016
100 1 _aDickens, Charles,
245 1 0 _aBir yılbaşı gecesi /
_cCharles Dickens
260 _aİstanbul :
_bAlfa Yayınları,
_c2016
300 _a120 sayfa ;
_c16 cm
650 0 4 _aİngiliz edebiyatı, roman
942 _2ddc
_cBK
999 _c9593
_d9593
900 _bGizem YORULMAZ